Oligopoly v odvetví
Na minha lista:
| Autor principal: | |
|---|---|
| Autor Corporativo: | |
| Formato: | Livro |
| Idioma: | eslovaco |
| Publicado em: |
Bratislava
Vydavateľstvo EKONÓM
2005
|
| Edição: | 2. vyd. |
| Assuntos: | |
| Tags: |
Sem tags, seja o primeiro a adicionar uma tag!
|
MARC
| LEADER | 00000nam$a2200000$$$4500 | ||
|---|---|---|---|
| 001 | 0027138 | ||
| 005 | 20240314091255.2 | ||
| 020 | |a 80-225-1995-2 | ||
| 041 | 0 | |a slo | |
| 044 | |a SK | ||
| 245 | 1 | 0 | |a Oligopoly v odvetví |c Eleonora Fendeková |
| 250 | |a 2. vyd. | ||
| 264 | 1 | |a Bratislava |b Vydavateľstvo EKONÓM |c 2005 | |
| 300 | |a 217 s. | ||
| 610 | 2 | 0 | |a teórie ekonomické |
| 610 | 2 | 0 | |a funkcie produkčné |
| 610 | 2 | 0 | |a zisk |
| 610 | 2 | 0 | |a firmy |
| 610 | 2 | 0 | |a úspory |
| 610 | 2 | 0 | |a teória nákladov komparatívnych |
| 610 | 2 | 0 | |a náklady |
| 610 | 2 | 0 | |a funkcie nákladové |
| 610 | 2 | 0 | |a konkurencia |
| 610 | 2 | 0 | |a monopoly |
| 610 | 2 | 0 | |a ponuka |
| 610 | 2 | 0 | |a ceny |
| 610 | 2 | 0 | |a optimalizácia |
| 610 | 2 | 0 | |a trh |
| 610 | 2 | 0 | |a modely |
| 610 | 2 | 0 | |a oligopoly |
| 610 | 2 | 0 | |a modely rovnováhy |
| 100 | 1 | |a Fendeková, Eleonora, 1952- | |
| 710 | 2 | |a Ekonomická univerzita v Bratislave. Fakulta podnikového manažmentu | |